<?xml version="1.0" encoding="UTF-8"?>
<record
    xmlns:xsi="http://www.w3.org/2001/XMLSchema-instance"
    xsi:schemaLocation="http://www.loc.gov/MARC21/slim http://www.loc.gov/standards/marcxml/schema/MARC21slim.xsd"
    xmlns="http://www.loc.gov/MARC21/slim">

  <leader>00914nam a22002177a 4500</leader>
  <datafield tag="999" ind1=" " ind2=" ">
    <subfield code="c">114157</subfield>
    <subfield code="d">114157</subfield>
  </datafield>
  <controlfield tag="005">20180528132125.0</controlfield>
  <controlfield tag="008">160303b        mx ||||| |||| 00| 0 spa d</controlfield>
  <datafield tag="020" ind1=" " ind2=" ">
    <subfield code="a">9786079361709 (ITESO)</subfield>
  </datafield>
  <datafield tag="020" ind1=" " ind2=" ">
    <subfield code="a">9786074484885 (El manual moderno)</subfield>
  </datafield>
  <datafield tag="050" ind1="0" ind2="4">
    <subfield code="a">HV6545 </subfield>
    <subfield code="b">F46 2015</subfield>
  </datafield>
  <datafield tag="245" ind1="0" ind2="0">
    <subfield code="a"> Fen&#xF3;meno suicida </subfield>
    <subfield code="b"> :  un acercamiento transdisciplinar </subfield>
    <subfield code="c">/  Teresita Morf&#xED;n L&#xF3;pez, Armando Mart&#xED;n Ibarra L&#xF3;pez, coordinadores ; editor responsable Santiago Viveros Fuentes</subfield>
  </datafield>
  <datafield tag="260" ind1=" " ind2=" ">
    <subfield code="a">M&#xE9;xico, D.F. : Tlaquepaque , Jalisco.:</subfield>
    <subfield code="b">El Manual Moderno ;  Iteso ;  Conacyt, ; </subfield>
    <subfield code="c">2015.</subfield>
  </datafield>
  <datafield tag="300" ind1=" " ind2=" ">
    <subfield code="a">xii,172 p.: </subfield>
    <subfield code="b">ils.; </subfield>
    <subfield code="c">23 cm.</subfield>
  </datafield>
  <datafield tag="650" ind1=" " ind2="4">
    <subfield code="a">Suicidio</subfield>
    <subfield code="x">Factores de riesgo</subfield>
  </datafield>
  <datafield tag="650" ind1=" " ind2="4">
    <subfield code="a">Suicidio</subfield>
    <subfield code="x">Prevenci&#xF3;n</subfield>
  </datafield>
  <datafield tag="650" ind1=" " ind2="4">
    <subfield code="a">Conducta suicida</subfield>
    <subfield code="x">Tratamiento</subfield>
  </datafield>
  <datafield tag="700" ind1="1" ind2=" ">
    <subfield code="a">Morf&#xED;n L&#xF3;pez, Teresita, </subfield>
    <subfield code="e">ed.</subfield>
  </datafield>
  <datafield tag="700" ind1="1" ind2=" ">
    <subfield code="a">Ibarra L&#xF3;pez, Armando Mart&#xED;n, </subfield>
    <subfield code="e">ed.</subfield>
  </datafield>
  <datafield tag="700" ind1="1" ind2=" ">
    <subfield code="a">Viveros Fuentes, Santiago, </subfield>
    <subfield code="e">ed.</subfield>
  </datafield>
  <datafield tag="942" ind1=" " ind2=" ">
    <subfield code="2">lcc</subfield>
    <subfield code="c">LIB</subfield>
  </datafield>
  <datafield tag="952" ind1=" " ind2=" ">
    <subfield code="1">0</subfield>
    <subfield code="2">lcc</subfield>
    <subfield code="4">0</subfield>
    <subfield code="7">0</subfield>
    <subfield code="a">LIC-047</subfield>
    <subfield code="b">LIC-047</subfield>
    <subfield code="c">GENERAL</subfield>
    <subfield code="d">2016-03-03</subfield>
    <subfield code="e">UA-GENERICO</subfield>
    <subfield code="f">1a.ed.</subfield>
    <subfield code="h">BFP000011336</subfield>
    <subfield code="i">CS</subfield>
    <subfield code="k">CS</subfield>
    <subfield code="l">4</subfield>
    <subfield code="o">HV6545 F46 2015</subfield>
    <subfield code="p">BFP000011336</subfield>
    <subfield code="r">2017-10-23 00:00:00</subfield>
    <subfield code="s">2017-10-18</subfield>
    <subfield code="t">1</subfield>
    <subfield code="y">LIB</subfield>
  </datafield>
  <datafield tag="952" ind1=" " ind2=" ">
    <subfield code="1">0</subfield>
    <subfield code="2">lcc</subfield>
    <subfield code="4">0</subfield>
    <subfield code="7">0</subfield>
    <subfield code="a">LIC-047</subfield>
    <subfield code="b">LIC-047</subfield>
    <subfield code="c">GENERAL</subfield>
    <subfield code="d">2016-03-03</subfield>
    <subfield code="e">UA-GENERICO</subfield>
    <subfield code="f">1a.ed.</subfield>
    <subfield code="h">BFP000011337</subfield>
    <subfield code="i">CS</subfield>
    <subfield code="k">CS</subfield>
    <subfield code="o">HV6545 F46 2015</subfield>
    <subfield code="p">BFP000011337</subfield>
    <subfield code="r">2016-04-26 00:00:00</subfield>
    <subfield code="t">2</subfield>
    <subfield code="y">LIB</subfield>
  </datafield>
  <datafield tag="952" ind1=" " ind2=" ">
    <subfield code="1">0</subfield>
    <subfield code="2">lcc</subfield>
    <subfield code="4">0</subfield>
    <subfield code="7">0</subfield>
    <subfield code="a">LIC-047</subfield>
    <subfield code="b">LIC-047</subfield>
    <subfield code="c">GENERAL</subfield>
    <subfield code="d">2018-05-28</subfield>
    <subfield code="e">UA-GENERADO</subfield>
    <subfield code="f">1a.ed.</subfield>
    <subfield code="h">BFP000012418</subfield>
    <subfield code="i">CS</subfield>
    <subfield code="k">CS</subfield>
    <subfield code="o">HV6545 F46 2015</subfield>
    <subfield code="p">BFP000012418</subfield>
    <subfield code="r">2018-05-28 00:00:00</subfield>
    <subfield code="t">3</subfield>
    <subfield code="y">LIB</subfield>
  </datafield>
</record>
